| 000 | 00665 a2200181 4500 | ||
|---|---|---|---|
| 999 |
_c1120 _d1120 |
||
| 020 | _a0198075340 | ||
| 050 | _aHD30.22 SAL 2012 | ||
| 100 |
_aSalvatore, Dominick _eauthor |
||
| 245 |
_aManagerial economics : _bprinciples and worldwide applications / _cDominick Salvatore and Ravikesh Srivastava |
||
| 264 |
_aNew Delhi : _bOxford University Press, _c2012 |
||
| 300 |
_axxix, 707p. _bill. |
||
| 500 | _aIncludes index | ||
| 650 | _aManagerial economics. | ||
| 650 |
_aManagerial economics _xStudy and teaching. |
||
| 650 |
_aManagerial economics _xTextbooks. |
||
| 700 |
_aSrivastava, Ravikesh _eauthor |
||
| 942 |
_2lcc _cBK _e7th ed. (updated version) _h30.22 _iSAL _kHD |
||